000 00554nam a2200181Ia 4500
003 GCL
008 140319s9999 xx 000 0 ara d
040 _aGCL /
_cGCL
082 0 4 _a796.4
_bط ا
100 1 _aطلحة حسام الدين
245 1 0 _aالاسس الحركية والوظيفية للتدريب الرياضى /
_cطلحة حسام الدين
300 _a244 ص
490 _a
650 0 4 _aالرياضة البدنية
650 0 4 _aالالعاب الرياضية
650 0 4 _aالتدريب الرياضى
942 _2ddc
_cBK
999 _c38521
_d38521